000 00620nam a22002177a 4500
003 dpl
005 20240322115322.0
008 240305b |||||||| |||| 00| 0 eng d
010 _aENG-139904
020 _a9789350270530
_c195.00
035 _aEN-123436
037 _bDBAD/PUB
040 _c.
082 _a537.6
100 _aYasin,md
_962808
245 _aA Textbook of Electromagnetic theory/
_cBy md yasin
260 _aNew Delhi
_bBharti Bhawan
_c2012
270 _a4271/3 Ansari Road, Daryaganj
_bNew Delhi
_e110002
300 _a250.Pages
_c22cm,(pbk)
942 _2ddc
_cEN
_h537.6
_mYas
999 _c201730
_d201730